| 000 | 01071nam a2200277Ia 4500 | ||
|---|---|---|---|
| 008 | |||
| 020 | _a9241546123 | ||
| 049 | _aMAIN | ||
| 090 | _aRA784VIT | ||
| 245 | 0 | 0 |
_aVitamin and mineral requirements in human nutrition : _b[report of a joint FAO/WHO expert consultation, Bangkok, Thailand, 21-30 September 1998] / _cWorld Health Organization and Food and Agriculture Organization of the United Nations. |
| 250 | _a2nd ed. | ||
| 260 |
_aGeneva : _bWorld Health Organization, _cc2004. |
||
| 300 |
_axix, 341 p. : _bill. ; _c24 cm. |
||
| 504 | _aIncludes bibliographical references. | ||
| 650 | 0 | _aVitamins in human nutrition. | |
| 650 | 0 | _aMinerals in human nutrition. | |
| 650 | 0 | _aHealth. | |
| 710 | 2 | _aWorld Health Organization. | |
| 710 | 2 | _aFood and Agriculture Organization of the United Nations. | |
| 711 | 2 |
_aJoint FAO/WHO Expert Consultation _d(1998 : _cBangkok, Thailand) |
|
| 907 |
_a.b10171484 _b23-08-05 _c16-08-05 |
||
| 003 | |||
| 005 | 20230120203902.0 | ||
| 040 | _cNUST | ||
| 942 |
_cBOOKS _kRA784VIT |
||
| 999 |
_c113223 _d113223 |
||